000 00678cab a2200217 4500
001 WB2649-39
008 090401t1990 xxu||||| |||| 00| 0 eng d
035 _a(Sirsi) u45989
041 _aeng
245 _aHole in one with ADAS
260 _c1990
350 _a0
490 _aADAS News Release
_v134/90 22 November 1990 2 pages
520 _aAccording to ADAS Services for Golf Courses , the cost of designing and constructing golf courses is not as expensive as many farmers and landowners think.
650 _aALTERNATIVE ENTERPRISES
650 _aDIVERSIFICATION
650 _aFARMLAND
690 _aLEISURE AND RECREATION
942 _n0
948 _c04/03/1997
999 _c29096
_d29096